| 000 | 00946nam a2200205Ia 4500 | ||
|---|---|---|---|
| 999 |
_c50840 _d50840 |
||
| 001 | 17794 | ||
| 003 | GE_BSU | ||
| 005 | 20200224143134.0 | ||
| 008 | 181216s1986en xx |||||||||||||| ||eng|| | ||
| 040 | _cGE_BSU | ||
| 041 | _aeng | ||
| 080 | _a353.03(73) P-97 | ||
| 245 |
_aPublic papers of the presidents of the United States Ronald Reagan. 1984 _b1984 (in two books). book I-january 1to june 29, 1984 |
||
| 264 |
_aWashington : _bUnited States government printing office, _c1986. |
||
| 300 |
_a982 p.: _bill; _c26 cm. |
||
| 653 | _aPublic papers of the presidents of the United States Ronald Reagan | ||
| 653 | _aშეერთებული შტატების პრეზიდენტების რონალდ რეიგანის საჯარო ფურცლები | ||
| 653 | _aსახელმწიფო ადმინისტრაციული მმართველობა | ||
| 942 |
_cBK _2udc |
||